[Event "Skakligaen 2005/06"]
[Site "Denmark"]
[Date "2006.02.05"]
[Round "6.1"]
[White "Rasmussen, Karsten"]
[Black "Andreasen, Per Naesby"]
[Result "1/2-1/2"]
[WhiteElo "2455"]
[BlackElo "2280"]
[PlyCount "59"]
[EventDate "2005.11.05"]
[EventType "team"]
[EventRounds "9"]
[EventCountry "DEN"]
[WhiteTeam "Skolerne"]
[BlackTeam "Norresundby"]
[WhiteTeamCountry "DEN"]
[BlackTeamCountry "DEN"]

1. e4 g6 2. d4 Bg7 3. Nc3 d6 4. Nge2 Nd7 5. Be3 a6 6. g3 b5 7. Bg2 Bb7 8. O-O
c5 9. Qd2 cxd4 10. Bxd4 Ne5 11. a4 Nc4 12. Qd1 e5 13. Be3 Nxe3 14. fxe3 b4 15.
Nd5 Nf6 16. a5 Bxd5 17. exd5 O-O 18. Nc1 Rb8 19. Nb3 Rb5 20. e4 Nd7 21. Qd2 Qc7
22. Ra4 Rfb8 23. Re1 Nc5 24. Nxc5 Rxc5 25. Rxb4 Rxb4 26. Qxb4 Rxc2 27. Bf1 Bh6
28. Kh1 Be3 29. Bxa6 Bd4 30. Rf1 1/2-1/2

[Event "Skakligaen 2005/06"]
[Site "Denmark"]
[Date "2006.02.05"]
[Round "6.2"]
[White "Bentzen, Erik"]
[Black "Sorensen, Jan"]
[Result "1/2-1/2"]
[WhiteElo "2362"]
[BlackElo "2416"]
[PlyCount "57"]
[EventDate "2005.11.05"]
[EventType "team"]
[EventRounds "9"]
[EventCountry "DEN"]
[WhiteTeam "Norresundby"]
[BlackTeam "Skolerne"]
[WhiteTeamCountry "DEN"]
[BlackTeamCountry "DEN"]

1. d4 Nf6 2. Nf3 c5 3. d5 b5 4. Bg5 Ne4 5. Bh4 Bb7 6. Qd3 f5 7. Nbd2 c4 8. Qd4
Na6 9. Nxe4 fxe4 10. Ng5 Nb4 11. Qd2 Qa5 12. c3 Nxd5 13. Nxe4 b4 14. e3 bxc3
15. Nxc3 Rc8 16. Nxd5 Qxd5 17. Qxd5 Bxd5 18. f3 g6 19. O-O-O Be6 20. Kc2 Bg7
21. Be1 Kf7 22. Bc3 Rc5 23. e4 Rb8 24. Be2 Rcb5 25. Rb1 d5 26. Rhd1 dxe4 27.
fxe4 Bxc3 28. Kxc3 Kf6 29. Rd4 1/2-1/2

[Event "Skakligaen 2005/06"]
[Site "Denmark"]
[Date "2006.02.05"]
[Round "6.3"]
[White "Glud, Jakob Vang"]
[Black "Sorensen, Bent"]
[Result "1-0"]
[WhiteElo "2404"]
[BlackElo "2262"]
[PlyCount "151"]
[EventDate "2005.11.05"]
[EventType "team"]
[EventRounds "9"]
[EventCountry "DEN"]
[WhiteTeam "Skolerne"]
[BlackTeam "Norresundby"]
[WhiteTeamCountry "DEN"]
[BlackTeamCountry "DEN"]

1. c4 Nf6 2. g3 e6 3. Bg2 d5 4. Nf3 dxc4 5. Qa4+ Nbd7 6. Qxc4 a6 7. d4 b5 8.
Qb3 Bb7 9. O-O c5 10. Bg5 Qb6 11. Rd1 cxd4 12. Nxd4 Bxg2 13. Kxg2 Bc5 14. Bxf6
Nxf6 15. e3 Rd8 16. Nf3 Rxd1 17. Qxd1 Nd5 18. Qe2 O-O 19. Nbd2 Be7 20. Rc1 Qb7
21. e4 Nf6 22. Rc2 Rc8 23. Qd3 Rxc2 24. Qxc2 h6 25. a3 Nd7 26. Nb3 Nb6 27. Na5
Qc8 28. Nc6 Kf8 29. e5 Ke8 30. Nfd4 Nc4 31. Kh3 Qd7 32. a4 Qd5 33. axb5 axb5
34. b3 Nxe5 35. Nxe5 Qxd4 36. Qc6+ Kf8 37. Qxb5 g5 38. Qe2 Qd5 39. Nc4 Bc5 40.
f3 Bd4 41. Qe4 Qc5 42. Qh7 Bg7 43. Qd3 Kg8 44. Kg2 Bf8 45. Nd2 Be7 46. Ne4 Qa3
47. Qd7 Kg7 48. Kh3 Kg6 49. g4 Kg7 50. Ng3 Qc5 51. Nh5+ Kg8 52. Qe8+ Bf8 53.
Nf6+ Kg7 54. Nd7 Qd6 55. Nxf8 Qf4 56. Nxe6+ fxe6 57. Qe7+ Kh8 58. Qd8+ Kg7 59.
Qd3 Qb4 60. Kg2 Qe1 61. Qc2 Qb4 62. Qc7+ Kg8 63. Qc8+ Kf7 64. Qd7+ Kf6 65. Qh7
Qd2+ 66. Kh3 Ke5 67. Qxh6 Kd5 68. Qf6 Qc1 69. Qd8+ Ke5 70. Qd3 Kf6 71. Qd4+ Kf7
72. Qd3 Qe1 73. Kg2 Ke7 74. Qc2 Kd7 75. Qb2 Kc6 76. Qf2 1-0

[Event "Skakligaen 2005/06"]
[Site "Denmark"]
[Date "2006.02.05"]
[Round "6.4"]
[White "Jorgensen, Jorgen"]
[Black "Ochsner, Thomas"]
[Result "1/2-1/2"]
[WhiteElo "2274"]
[BlackElo "2347"]
[PlyCount "42"]
[EventDate "2005.11.05"]
[EventType "team"]
[EventRounds "9"]
[EventCountry "DEN"]
[WhiteTeam "Norresundby"]
[BlackTeam "Skolerne"]
[WhiteTeamCountry "DEN"]
[BlackTeamCountry "DEN"]

1. d4 Nf6 2. c4 e6 3. g3 d5 4. Nf3 Be7 5. Bg2 O-O 6. O-O dxc4 7. Qc2 a6 8. a4
Bd7 9. Qxc4 Bc6 10. Bg5 a5 11. Nc3 Na6 12. Bxf6 Bxf6 13. e4 Nb4 14. Rfd1 b6 15.
Rd2 Bb7 16. Qe2 Re8 17. h4 h6 18. Qe3 Be7 19. Ne5 Bd6 20. Rad1 Qc8 21. Nc4 Bf8
1/2-1/2

[Event "Skakligaen 2005/06"]
[Site "Denmark"]
[Date "2006.02.05"]
[Round "6.5"]
[White "Christensen, Tobias"]
[Black "Pedersen, Svend"]
[Result "1-0"]
[WhiteElo "2322"]
[BlackElo "2260"]
[PlyCount "79"]
[EventDate "2005.11.05"]
[EventType "team"]
[EventRounds "9"]
[EventCountry "DEN"]
[WhiteTeam "Skolerne"]
[BlackTeam "Norresundby"]
[WhiteTeamCountry "DEN"]
[BlackTeamCountry "DEN"]

1. Nc3 d6 2. d4 g6 3. e4 Bg7 4. Be3 a6 5. a4 Nd7 6. Qd2 c6 7. Nf3 Ngf6 8. Bh6
O-O 9. Bxg7 Kxg7 10. a5 e5 11. Bc4 Nxe4 12. Nxe4 d5 13. Nd6 e4 14. Ne5 dxc4 15.
Nexc4 b5 16. axb6 Nxb6 17. Nxb6 Qxb6 18. O-O c5 19. dxc5 Qxb2 20. Nxe4 Qe5 21.
Rfe1 Bf5 22. Nd6 Qxc5 23. Ra5 Qb6 24. Nxf5+ gxf5 25. Rxf5 Rad8 26. Qc3+ Qd4 27.
Qf3 Rd6 28. Rf4 Qd5 29. Qc3+ Kg8 30. h3 Rg6 31. Rg4 Rd8 32. Qg3 a5 33. Kh2 a4
34. f4 Qd6 35. Re5 a3 36. Ra5 Qb4 37. Rxa3 Rd1 38. Re3 Kg7 39. f5 Rxg4 40. hxg4
1-0

[Event "Skakligaen 2005/06"]
[Site "Denmark"]
[Date "2006.02.05"]
[Round "6.6"]
[White "Nielsen, Tommy"]
[Black "Rasmussen, Casper Dahl"]
[Result "1-0"]
[WhiteElo "2154"]
[BlackElo "2324"]
[PlyCount "113"]
[EventDate "2005.11.05"]
[EventType "team"]
[EventRounds "9"]
[EventCountry "DEN"]
[WhiteTeam "Norresundby"]
[BlackTeam "Skolerne"]
[WhiteTeamCountry "DEN"]
[BlackTeamCountry "DEN"]

1. e4 e5 2. Nf3 Nf6 3. Nxe5 d6 4. Nf3 Nxe4 5. d3 Nf6 6. Nc3 d5 7. d4 Bd6 8. Bg5
c6 9. Bd3 O-O 10. h3 Re8+ 11. Ne2 Nbd7 12. O-O Qc7 13. c4 dxc4 14. Bxc4 Ne4 15.
Qc2 h6 16. Be3 Nb6 17. Bd3 Nf6 18. Nc3 Nbd5 19. Nxd5 Nxd5 20. Bd2 Be6 21. a3
Bf4 22. Rad1 Nf6 23. Bc3 Bd5 24. Ne5 c5 25. Rde1 Rac8 26. Qa4 a6 27. Ng4 Bc6
28. Nxf6+ gxf6 29. Qd1 Qd7 30. dxc5 Red8 31. Bc2 Kg7 32. Qxd7 Bxd7 33. b4 Bb5
34. Re4 Bxf1 35. Rxf4 Bd3 36. Bxf6+ Kg6 37. Bxd8 Bxc2 38. Rd4 Bf5 39. Kf1 Be6
40. Ke2 Kf5 41. Ke3 Bb3 42. Rd6 Be6 43. g4+ Kg6 44. f4 Kg7 45. f5 Bc4 46. Bf6+
Kh7 47. Rd7 Kg8 48. Kf4 Bf1 49. Rxb7 Bxh3 50. Rb6 Bf1 51. c6 Bb5 52. c7 Kf8 53.
Rb8 Bd7 54. Ke5 h5 55. Kd6 Ke8 56. gxh5 Bxf5 57. h6 1-0

[Event "Skakligaen 2005/06"]
[Site "Denmark"]
[Date "2006.02.05"]
[Round "6.7"]
[White "Pedersen, Finn"]
[Black "Willumsen, Henrik"]
[Result "1-0"]
[WhiteElo "2315"]
[BlackElo "2163"]
[PlyCount "65"]
[EventDate "2005.11.05"]
[EventType "team"]
[EventRounds "9"]
[EventCountry "DEN"]
[WhiteTeam "Skolerne"]
[BlackTeam "Norresundby"]
[WhiteTeamCountry "DEN"]
[BlackTeamCountry "DEN"]

1. d4 d5 2. Nf3 Nf6 3. e3 e6 4. c4 c6 5. Qc2 Nbd7 6. Nbd2 Bd6 7. Bd3 e5 8. cxd5
cxd5 9. dxe5 Nxe5 10. Nxe5 Bxe5 11. Nf3 Bd6 12. Bb5+ Bd7 13. Bxd7+ Qxd7 14. O-O
Rc8 15. Qd3 Qc6 16. Bd2 Qc4 17. Qf5 Rc6 18. Nd4 Rc7 19. Rfc1 Qa6 20. Rxc7 Bxc7
21. Rc1 Kd8 22. Qc2 Qd6 23. g3 Ne8 24. Nb5 Qd7 25. a4 h5 26. e4 Bb6 27. Rd1 Nf6
28. Bg5 d4 29. e5 Qd5 30. Qf5 Re8 31. Nd6 Qe6 32. Qf3 Rf8 33. exf6 1-0

[Event "Skakligaen 2005/06"]
[Site "Denmark"]
[Date "2006.02.05"]
[Round "6.8"]
[White "Nielsen, John Bauneborg"]
[Black "Jacobsen, Bo"]
[Result "0-1"]
[WhiteElo "2163"]
[BlackElo "2279"]
[PlyCount "63"]
[EventDate "2005.11.05"]
[EventType "team"]
[EventRounds "9"]
[EventCountry "DEN"]
[WhiteTeam "Norresundby"]
[BlackTeam "Skolerne"]
[WhiteTeamCountry "DEN"]
[BlackTeamCountry "DEN"]

1. d4 Nf6 2. c4 c5 3. d5 e5 4. Nc3 d6 5. e4 Nbd7 6. Bd3 Be7 7. Nge2 Nf8 8. f3
h5 9. Be3 h4 10. Qd2 Ng6 11. O-O-O a6 12. Kb1 Bd7 13. Rc1 Rb8 14. g3 b5 15.
Rhg1 h3 16. Nd1 Nh7 17. f4 Bf6 18. Rf1 Bg4 19. f5 Ngf8 20. Nf2 Bf3 21. Ng1 Bg2
22. Ngxh3 Bxf1 23. Rxf1 Nd7 24. Qe2 Ng5 25. Bxg5 bxc4 26. Bxc4 Bxg5 27. Bxa6
Bh6 28. Ng1 Qa5 29. Nf3 Ke7 30. Ng4 Rxb2+ 31. Qxb2 Qxa6 32. Qc2 0-1

[Event "Skakligaen 2005/06"]
[Site "Denmark"]
[Date "2006.03.05"]
[Round "7.1"]
[White "Hansen, Sune Berg"]
[Black "Hector, Jonny"]
[Result "1/2-1/2"]
[WhiteElo "2558"]
[BlackElo "2509"]
[PlyCount "51"]
[EventDate "2005.11.05"]
[EventType "team"]
[EventRounds "9"]
[EventCountry "DEN"]
[WhiteTeam "Helsingor"]
[BlackTeam "Nordkalotten"]
[WhiteTeamCountry "DEN"]
[BlackTeamCountry "DEN"]

1. c4 Nf6 2. Nc3 e5 3. e3 Be7 4. d4 exd4 5. exd4 O-O 6. Nf3 d5 7. Be2 Be6 8.
cxd5 Nxd5 9. O-O Nc6 10. Re1 Bf5 11. Bb5 Ncb4 12. Nxd5 Nxd5 13. Bc4 Bf6 14. Ne5
c6 15. Qb3 Qb6 16. Bxd5 cxd5 17. Qxd5 Rad8 18. Qf3 Be6 19. Be3 Qxb2 20. Reb1
Qc2 21. Rc1 Qa4 22. Qxb7 Bxe5 23. dxe5 Bd5 24. Qe7 h6 25. f3 a6 26. a3 1/2-1/2

[Event "Skakligaen 2005/06"]
[Site "Denmark"]
[Date "2006.03.05"]
[Round "7.2"]
[White "Kristensen, Kaare Hove"]
[Black "Mortensen, Erling"]
[Result "1/2-1/2"]
[WhiteElo "2314"]
[BlackElo "2474"]
[PlyCount "140"]
[EventDate "2005.11.05"]
[EventType "team"]
[EventRounds "9"]
[EventCountry "DEN"]
[WhiteTeam "Nordkalotten"]
[BlackTeam "Helsingor"]
[WhiteTeamCountry "DEN"]
[BlackTeamCountry "DEN"]

1. e4 c5 2. Nf3 e6 3. d4 cxd4 4. Nxd4 a6 5. c4 Nf6 6. Nc3 Qc7 7. Nc2 b6 8. Bd3
Bb7 9. O-O d6 10. Be3 Nbd7 11. Qe2 g6 12. Rac1 Bg7 13. Rfd1 O-O 14. f3 Ne5 15.
Na3 Nfd7 16. Bb1 f5 17. exf5 gxf5 18. Qd2 Qc6 19. Qxd6 Nxf3+ 20. gxf3 Qxf3 21.
Qg3 Qh1+ 22. Kf2 Qc6 23. Rg1 Rf7 24. Bh6 Nf6 25. Bxg7 Ng4+ 26. Ke2 Rxg7 27. h3
f4 28. Be4 fxg3 29. Bxc6 Bxc6 30. Rxg3 Nf6 31. Rcg1 Rxg3 32. Rxg3+ Kf7 33. Ke3
e5 34. Nc2 Rd8 35. Nb4 Bb7 36. Nd3 Nd7 37. Ne4 Bxe4 38. Kxe4 Ke6 39. Rg5 h6 40.
Rg6+ Nf6+ 41. Ke3 Kf5 42. Rxh6 Kg5 43. Nxe5 Re8 44. Rh8 Rxe5+ 45. Kd3 a5 46.
Rd8 Re1 47. Kd2 Re6 48. b3 Ne4+ 49. Kd3 Nc5+ 50. Kd4 Kf6 51. h4 Ke7 52. Rh8 Kd6
53. h5 Re4+ 54. Kc3 Re3+ 55. Kc2 Re2+ 56. Kb1 Rh2 57. h6 Kc6 58. h7 Kb7 59. Kc1
Nd7 60. a3 Nf6 61. b4 Rxh7 62. Rxh7+ Nxh7 63. Kc2 Nf6 64. Kc3 Kc6 65. Kd4 Kd6
66. Kc3 Ke5 67. Kb3 axb4 68. Kxb4 Kd6 69. Kb5 Nd7 70. a4 Nc5 1/2-1/2

[Event "Skakligaen 2005/06"]
[Site "Denmark"]
[Date "2006.03.05"]
[Round "7.3"]
[White "Holmsgaard, Henrik"]
[Black "Nielsen, Lars Aaes"]
[Result "0-1"]
[WhiteElo "2344"]
[BlackElo "2182"]
[PlyCount "68"]
[EventDate "2005.11.05"]
[EventType "team"]
[EventRounds "9"]
[EventCountry "DEN"]
[WhiteTeam "Helsingor"]
[BlackTeam "Nordkalotten"]
[WhiteTeamCountry "DEN"]
[BlackTeamCountry "DEN"]

1. e4 e6 2. d3 d5 3. Qe2 Be7 4. Nf3 c5 5. g3 Nc6 6. Bg2 dxe4 7. dxe4 e5 8. c3
Nf6 9. O-O O-O 10. Na3 a6 11. Nc4 Qc7 12. a4 h6 13. Nh4 Bg4 14. f3 Be6 15. Nf5
Bxf5 16. exf5 b5 17. Ne3 c4 18. f4 exf4 19. Rxf4 Bc5 20. Bxc6 Qxc6 21. Qf3 Qb6
22. Kg2 Rad8 23. Ng4 Rfe8 24. Nxf6+ Qxf6 25. Re4 Rxe4 26. Qxe4 b4 27. cxb4 Bxb4
28. Qxc4 a5 29. Qc2 Rd5 30. Bf4 Rc5 31. Qe2 Qc6+ 32. Kh3 Rc2 33. Qb5 Qg2+ 34.
Kg4 h5+ 0-1

[Event "Skakligaen 2005/06"]
[Site "Denmark"]
[Date "2006.03.05"]
[Round "7.4"]
[White "Jakobsen, Peter"]
[Black "Nielsen, Nicholas Roland"]
[Result "1-0"]
[WhiteElo "2162"]
[BlackElo "2172"]
[PlyCount "47"]
[EventDate "2005.11.05"]
[EventType "team"]
[EventRounds "9"]
[EventCountry "DEN"]
[WhiteTeam "Nordkalotten"]
[BlackTeam "Helsingor"]
[WhiteTeamCountry "DEN"]
[BlackTeamCountry "DEN"]

1. c4 c6 2. g3 d5 3. Bg2 Nf6 4. Nf3 Bf5 5. cxd5 cxd5 6. Qb3 Qc8 7. Nc3 e6 8. d3
Nc6 9. O-O Be7 10. Bf4 O-O 11. Rac1 Qd7 12. e4 Bg6 13. Rfe1 Rfd8 14. h3 Nh5 15.
exd5 exd5 16. Ne5 Nxe5 17. Bxe5 Nf6 18. Bxf6 Bxf6 19. Nxd5 Qf5 20. d4 Rd7 21.
Qa4 Rad8 22. g4 Qg5 23. Qxd7 Be4 24. Rc8 1-0

[Event "Skakligaen 2005/06"]
[Site "Denmark"]
[Date "2006.03.05"]
[Round "7.5"]
[White "Larsen, Ole Bogh"]
[Black "Koch, Soren Andreas"]
[Result "1-0"]
[WhiteElo "2202"]
[BlackElo "2106"]
[PlyCount "93"]
[EventDate "2005.11.05"]
[EventType "team"]
[EventRounds "9"]
[EventCountry "DEN"]
[WhiteTeam "Helsingor"]
[BlackTeam "Nordkalotten"]
[WhiteTeamCountry "DEN"]
[BlackTeamCountry "DEN"]

1. d4 Nf6 2. c4 e6 3. Nc3 d5 4. Bg5 Be7 5. e3 h6 6. Bf4 O-O 7. Nf3 b6 8. cxd5
Nxd5 9. Nxd5 exd5 10. Bd3 c5 11. Ne5 cxd4 12. exd4 Bb4+ 13. Kf1 Qf6 14. Bg3 Bf5
15. Bxf5 Qxf5 16. Qb3 Be7 17. Qxd5 Na6 18. Qf3 Qc2 19. Qe2 Qa4 20. b3 Qa3 21.
Nc4 Qb4 22. Ne3 Qc3 23. Rd1 Nb4 24. a3 Nc6 25. d5 Na5 26. b4 Nb7 27. d6 Bg5 28.
Nd5 Qxa3 29. h4 Rae8 30. Ne7+ Bxe7 31. dxe7 Qxb4 32. exf8=R+ Kxf8 33. Qf3 Nc5
34. Bd6+ Kg8 35. Bxc5 Qxc5 36. Rh3 b5 37. Qc3 Qh5 38. Re1 Rb8 39. Qe5 Qxe5 40.
Rxe5 f6 41. Re7 a5 42. Ra7 a4 43. h5 Rc8 44. Rg3 Rc1+ 45. Ke2 Rb1 46. Rgxg7+
Kh8 47. Rgb7 1-0

[Event "Skakligaen 2005/06"]
[Site "Denmark"]
[Date "2006.03.05"]
[Round "7.6"]
[White "Lilja, Richard"]
[Black "Jorgensen, Michael"]
[Result "1/2-1/2"]
[WhiteElo "2014"]
[BlackElo "2185"]
[PlyCount "77"]
[EventDate "2005.11.05"]
[EventType "team"]
[EventRounds "9"]
[EventCountry "DEN"]
[WhiteTeam "Nordkalotten"]
[BlackTeam "Helsingor"]
[WhiteTeamCountry "DEN"]
[BlackTeamCountry "DEN"]

1. e4 e6 2. Nc3 d5 3. Nf3 Nf6 4. e5 Nfd7 5. d4 c5 6. dxc5 Nc6 7. Bf4 Bxc5 8.
Bd3 Be7 9. O-O Nc5 10. Re1 Nxd3 11. Qxd3 Qb6 12. a3 a5 13. Be3 Qd8 14. Na4 b5
15. Bb6 Qd7 16. Nc5 Bxc5 17. Bxc5 Ba6 18. b4 a4 19. Rad1 Nd8 20. Ng5 h6 21. Ne4
Nb7 22. Qg3 O-O-O 23. Nd6+ Nxd6 24. Bxd6 f5 25. exf6 Qxd6 26. fxg7 Rhe8 27. Qh3
Kb8 28. Qxh6 Bc8 29. Re3 Rg8 30. Rg3 Qc7 31. h4 Qxc2 32. Rc1 Qe4 33. Qf6 d4 34.
Qxd8 Rxd8 35. g8=Q Rxg8 36. Rxg8 d3 37. Rgxc8+ Kb7 38. R8c7+ Kb8 39. Rc8+
1/2-1/2

[Event "Skakligaen 2005/06"]
[Site "Denmark"]
[Date "2006.03.05"]
[Round "7.7"]
[White "Vinther Juul, Kristian"]
[Black "Andersen, Steen"]
[Result "1-0"]
[WhiteElo "2112"]
[BlackElo "1994"]
[PlyCount "25"]
[EventDate "2005.11.05"]
[EventType "team"]
[EventRounds "9"]
[EventCountry "DEN"]
[WhiteTeam "Helsingor"]
[BlackTeam "Nordkalotten"]
[WhiteTeamCountry "DEN"]
[BlackTeamCountry "DEN"]

1. e4 e5 2. f4 exf4 3. Bc4 d5 4. Bxd5 Qh4+ 5. Kf1 Nf6 6. Nf3 Qh5 7. Nc3 Nxd5 8.
Nxd5 Bd6 9. e5 O-O 10. Nxf4 Qf5 11. d4 Be7 12. Qd3 Qg4 13. h3 1-0

[Event "Skakligaen 2005/06"]
[Site "Denmark"]
[Date "2006.03.05"]
[Round "7.1"]
[White "Matthiesen, Martin"]
[Black "Rasmussen, Karsten"]
[Result "1/2-1/2"]
[WhiteElo "2361"]
[BlackElo "2455"]
[PlyCount "65"]
[EventDate "2005.11.05"]
[EventType "team"]
[EventRounds "9"]
[EventCountry "DEN"]
[WhiteTeam "SK1968"]
[BlackTeam "Skolerne"]
[WhiteTeamCountry "DEN"]
[BlackTeamCountry "DEN"]

1. e4 c6 2. d4 d5 3. Nc3 dxe4 4. Nxe4 Bf5 5. Ng3 Bg6 6. h4 h6 7. Nf3 Nd7 8. h5
Bh7 9. Bd3 Bxd3 10. Qxd3 e6 11. Bf4 Ngf6 12. O-O-O Nd5 13. Bd2 Nb4 14. Qb3 a5
15. Kb1 a4 16. Qe3 Nd5 17. Qe2 b5 18. Ne5 Nxe5 19. dxe5 Qb6 20. Ne4 a3 21. b3
Qd4 22. c3 Qxe5 23. f4 Nxf4 24. Bxf4 Qxf4 25. Rhf1 Qc7 26. Qf2 f5 27. Nc5 Bxc5
28. Qxc5 Kf7 29. Rxf5+ exf5 30. Qxf5+ Kg8 31. Rd7 Qg3 32. Qe6+ Kh7 33. Qe4+
1/2-1/2

[Event "Skakligaen 2005/06"]
[Site "Denmark"]
[Date "2006.03.05"]
[Round "7.2"]
[White "Sorensen, Jan"]
[Black "Matthiesen, Arne"]
[Result "1-0"]
[WhiteElo "2416"]
[BlackElo "2368"]
[PlyCount "59"]
[EventDate "2005.11.05"]
[EventType "team"]
[EventRounds "9"]
[EventCountry "DEN"]
[WhiteTeam "Skolerne"]
[BlackTeam "SK1968"]
[WhiteTeamCountry "DEN"]
[BlackTeamCountry "DEN"]

1. e4 e6 2. d4 d5 3. Nd2 c5 4. Ngf3 cxd4 5. Nxd4 Nc6 6. Bb5 Bd7 7. Nxc6 Bxc6 8.
Bxc6+ bxc6 9. c4 Ne7 10. Qa4 Qd7 11. O-O g6 12. cxd5 cxd5 13. Qd4 Rg8 14. exd5
Nxd5 15. Ne4 Bg7 16. Qc4 Rb8 17. Rd1 Be5 18. Bg5 Qb5 19. Qc2 f5 20. a4 Qb6 21.
Nc3 Qc6 22. Rxd5 exd5 23. Re1 Kf8 24. Rxe5 d4 25. Bh6+ Kf7 26. Nd5 Rgc8 27.
Rxf5+ gxf5 28. Qxf5+ Kg8 29. Ne7+ Kh8 30. Qe5+ 1-0

[Event "Skakligaen 2005/06"]
[Site "Denmark"]
[Date "2006.03.05"]
[Round "7.3"]
[White "Hansen, Lars"]
[Black "Glud, Jakob Vang"]
[Result "1/2-1/2"]
[WhiteElo "2255"]
[BlackElo "2404"]
[PlyCount "75"]
[EventDate "2005.11.05"]
[EventType "team"]
[EventRounds "9"]
[EventCountry "DEN"]
[WhiteTeam "SK1968"]
[BlackTeam "Skolerne"]
[WhiteTeamCountry "DEN"]
[BlackTeamCountry "DEN"]

1. g3 d5 2. Bg2 Nf6 3. d3 e6 4. Nd2 c5 5. Ngf3 Nc6 6. O-O Be7 7. e4 O-O 8. Re1
b5 9. e5 Nd7 10. Nf1 a5 11. h4 Ba6 12. Bf4 b4 13. Ng5 Qe8 14. Ne3 Nb6 15. c4
bxc3 16. bxc3 Rb8 17. c4 dxc4 18. Qh5 Bxg5 19. hxg5 Nd4 20. Qh3 Bb7 21. Ng4
Bxg2 22. Kxg2 Qc6+ 23. Re4 cxd3 24. f3 Nd5 25. Rh1 Rb2+ 26. Nf2 h6 27. gxh6
Rfb8 28. Bc1 Qa4 29. Bxb2 Rxb2 30. Qh4 Rxf2+ 31. Kh3 Qd7 32. hxg7 Kxg7 33. Rg4+
Kf8 34. Qh6+ Ke7 35. Qh4+ Kf8 36. Qh6+ Ke7 37. Qh4+ Kf8 38. Qh6+ 1/2-1/2

[Event "Skakligaen 2005/06"]
[Site "Denmark"]
[Date "2006.03.05"]
[Round "7.4"]
[White "Ochsner, Thomas"]
[Black "Sobjerg, Erik"]
[Result "1/2-1/2"]
[WhiteElo "2347"]
[BlackElo "2288"]
[PlyCount "120"]
[EventDate "2005.11.05"]
[EventType "team"]
[EventRounds "9"]
[EventCountry "DEN"]
[WhiteTeam "Skolerne"]
[BlackTeam "SK1968"]
[WhiteTeamCountry "DEN"]
[BlackTeamCountry "DEN"]

1. e4 e5 2. Nf3 Nc6 3. Bb5 a6 4. Ba4 Nf6 5. O-O b5 6. Bb3 Bc5 7. c3 d6 8. d4
Bb6 9. h3 h6 10. Re1 O-O 11. Be3 exd4 12. cxd4 d5 13. e5 Ne4 14. Nbd2 Bf5 15.
Rc1 Nb4 16. Nf1 Qd7 17. N3h2 Rad8 18. a3 Nc6 19. f3 Ng5 20. Ng3 Bh7 21. Kh1 Ne6
22. Ne2 Nxe5 23. Bc2 Nc4 24. Bxh7+ Kxh7 25. Bf2 f5 26. Rc2 Rde8 27. Nf1 Re7 28.
Qc1 f4 29. b3 Nd6 30. Nh2 h5 31. Rd1 Qe8 32. Nc3 Rf5 33. Re2 Nf8 34. Rde1 Rxe2
35. Rxe2 Qf7 36. Qc2 Ng6 37. Qd3 c6 38. a4 Bd8 39. Rc2 Qe8 40. axb5 cxb5 41. g4
hxg4 42. fxg4 Rf8 43. Re2 Qf7 44. Nf3 Kg8 45. Ne5 Nxe5 46. dxe5 Ne4 47. Nxe4
dxe4 48. Rxe4 Be7 49. Qf3 Qd5 50. Kg2 a5 51. h4 Qd2 52. Rd4 Qc2 53. g5 Qf5 54.
Re4 Bb4 55. e6 Bd6 56. Be1 a4 57. bxa4 bxa4 58. Bb4 Bxb4 59. Rxb4 Qc2+ 60. Kh3
Qg6 1/2-1/2

[Event "Skakligaen 2005/06"]
[Site "Denmark"]
[Date "2006.03.05"]
[Round "7.5"]
[White "Lindfeldt, Jan Magnus"]
[Black "Christensen, Tobias Bent"]
[Result "0-1"]
[WhiteElo "2231"]
[BlackElo "2322"]
[PlyCount "79"]
[EventDate "2005.11.05"]
[EventType "team"]
[EventRounds "9"]
[EventCountry "DEN"]
[WhiteTeam "SK1968"]
[BlackTeam "Skolerne"]
[WhiteTeamCountry "DEN"]
[BlackTeamCountry "DEN"]

1. e4 Nc6 2. Nf3 d6 3. d4 e5 4. dxe5 dxe5 5. Qxd8+ Kxd8 6. Bc4 f6 7. Be3 Na5 8.
Be2 Be6 9. Nbd2 c5 10. Nb3 Nxb3 11. axb3 Bd6 12. Bc4 Kd7 13. O-O Bxc4 14. bxc4
Ne7 15. c3 Ke6 16. Rfd1 a6 17. Nd2 g6 18. f3 Rhd8 19. Bf2 f5 20. Nb3 b6 21. Bh4
Bc7 22. Kf2 Rxd1 23. Rxd1 Bd8 24. Bxe7 Bxe7 25. Ke2 b5 26. Ra1 b4 27. Kd3 Kd7
28. Ra5 bxc3 29. Kxc3 Kc6 30. Ra1 Bg5 31. Ra5 Be3 32. Ra1 Bd4+ 33. Kc2 Kb6 34.
Nc1 a5 35. Nd3 a4 36. Rb1 Kc6 37. Ra1 h5 38. Ra2 Kd6 39. h3 Ke6 40. Ra1 0-1

[Event "Skakligaen 2005/06"]
[Site "Denmark"]
[Date "2006.03.05"]
[Round "7.6"]
[White "Rasmussen, Casper Dahl"]
[Black "Hansen, Bjarne"]
[Result "1-0"]
[WhiteElo "2324"]
[BlackElo "2252"]
[PlyCount "75"]
[EventDate "2005.11.05"]
[EventType "team"]
[EventRounds "9"]
[EventCountry "DEN"]
[WhiteTeam "Skolerne"]
[BlackTeam "SK1968"]
[WhiteTeamCountry "DEN"]
[BlackTeamCountry "DEN"]

1. c4 g6 2. g3 Bg7 3. Bg2 e5 4. Nc3 d6 5. e4 Nc6 6. Nge2 Nh6 7. h4 Nd4 8. Nxd4
exd4 9. Ne2 Bg4 10. f3 Bd7 11. d3 Qe7 12. Qb3 Rb8 13. Nxd4 O-O 14. Ne2 b5 15.
O-O bxc4 16. Qxc4 Bb5 17. Qc2 f5 18. Nc3 Ba6 19. Rd1 Qe5 20. Bf4 Qc5+ 21. Kh2
fxe4 22. dxe4 Rxf4 23. gxf4 Qh5 24. Qf2 Bf6 25. Rd5 Nf5 26. exf5 Bxh4 27. fxg6
Qh6 28. Qc2 c6 29. gxh7+ Kh8 30. Rf5 Rb7 31. Bh3 Rxh7 32. Qg2 Bc8 33. Rg1 Be6
34. Ne4 Rb7 35. Nxd6 Bf2 36. Nxb7 Bxg1+ 37. Kxg1 Bxf5 38. Bxf5 1-0

[Event "Skakligaen 2005/06"]
[Site "Denmark"]
[Date "2006.03.05"]
[Round "7.7"]
[White "Christensen, Thomas K"]
[Black "Pedersen, Finn"]
[Result "1-0"]
[WhiteElo "2245"]
[BlackElo "2315"]
[PlyCount "83"]
[EventDate "2005.11.05"]
[EventType "team"]
[EventRounds "9"]
[EventCountry "DEN"]
[WhiteTeam "SK1968"]
[BlackTeam "Skolerne"]
[WhiteTeamCountry "DEN"]
[BlackTeamCountry "DEN"]

1. d4 d5 2. c4 c6 3. Nf3 Nf6 4. Nc3 a6 5. c5 b5 6. Bf4 Bg4 7. Ne5 Bh5 8. b4
Nfd7 9. a4 Nxe5 10. Bxe5 Nd7 11. Bg3 e6 12. Qd2 Be7 13. e4 O-O 14. Bd3 a5 15.
axb5 axb4 16. Rxa8 Qxa8 17. Nd1 cxb5 18. exd5 Bxd1 19. O-O Ba4 20. d6 Bf6 21.
Qxb4 Qd5 22. Bxb5 Bxb5 23. Qxb5 Nb8 24. Be5 Nc6 25. Bxf6 gxf6 26. Qb7 Kg7 27.
h3 Rb8 28. Qc7 Rb4 29. Rd1 e5 30. Rd3 Nxd4 31. Rg3+ Kh6 32. Qd8 Ne2+ 33. Kh2
Rf4 34. Qf8+ Kh5 35. Qg7 h6 36. Rg4 f5 37. Rxf4 exf4 38. g4+ fxg3+ 39. fxg3 Qe6
40. g4+ Kh4 41. d7 f6 42. Qxh6# 1-0

[Event "Skakligaen 2005/06"]
[Site "Denmark"]
[Date "2006.03.05"]
[Round "7.8"]
[White "Jacobsen, Bo"]
[Black "Alkaersig, Ole"]
[Result "1-0"]
[WhiteElo "2279"]
[BlackElo "2181"]
[PlyCount "71"]
[EventDate "2005.11.05"]
[EventType "team"]
[EventRounds "9"]
[EventCountry "DEN"]
[WhiteTeam "Skolerne"]
[BlackTeam "SK1968"]
[WhiteTeamCountry "DEN"]
[BlackTeamCountry "DEN"]

1. g3 e5 2. c4 Nf6 3. Nc3 c6 4. Nf3 e4 5. Nd4 Qb6 6. Nb3 a5 7. d3 a4 8. Be3 Qb4
9. Nd2 exd3 10. exd3 a3 11. Rb1 axb2 12. Qc2 Na6 13. Be2 d5 14. O-O Be7 15.
cxd5 Nxd5 16. Nxd5 cxd5 17. Bf3 d4 18. Rxb2 Qc3 19. Qa4+ Bd7 20. Qxd4 Qxd4 21.
Bxd4 Bc6 22. Bxg7 Rg8 23. Bd4 O-O-O 24. Bxc6 bxc6 25. Nf3 Nb4 26. Rc1 Rg6 27.
Rc4 Nxd3 28. Rb3 Nf4 29. Re3 Nd5 30. Re1 Kc7 31. Ne5 Re6 32. Rec1 Nb4 33. Nxf7
Ra8 34. Ne5 Rxa2 35. f4 Bf6 36. Rxb4 1-0